Исследование замираний в линиях УКВ связи на закрытых горных трассах: Диссертация на соискание ученой степени кандидата технических наук

Bibliografiske detaljer
Hovedforfatter: Зубрицкий Э. В.
Institution som forfatter: Институт естественных наук Бурятского филиала Сибирского отделения АН СССР
Andre forfattere: Цыдыпов Ч. Ц. (научный руководитель)
Sprog:russisk
Udgivet: Улан-Удэ, 1971
Fag:
Format: Bog
KOHA link:https://koha.lib.tpu.ru/cgi-bin/koha/opac-detail.pl?biblionumber=133915

MARC

LEADER 00000nbm0a2200000 4500
001 133915
005 20231031135501.0
035 |a (RuTPU)RU\TPU\book\145158 
090 |a 133915 
100 |a 20080324d1971 k y0rusy50 ca 
101 0 |a rus 
102 |a RU 
105 |a a m 001zy 
200 1 |a Исследование замираний в линиях УКВ связи на закрытых горных трассах  |e Диссертация на соискание ученой степени кандидата технических наук  |f Э. В. Зубрицкий  |g Институт естественных наук Бурятского филиала Сибирского отделения АН СССР ; науч. рук. Ч. Ц. Цыдыпов 
210 |a Улан-Удэ  |d 1971 
215 |a 138 л.  |c ил. 
320 |a Библиогр.: с. 127-138 (99 назв.) 
610 1 |a диссертации 
610 1 |a горные трассы 
610 1 |a УКВ 
610 1 |a связь 
610 1 |a замирания 
610 1 |a ультракороткие волны 
610 1 |a флуктуации 
610 1 |a экспериментальное исследование 
610 1 |a метеорологические условия 
610 1 |a распределение 
675 |a 621.396.1  |v 3 
700 1 |a Зубрицкий  |b Э. В. 
702 1 |a Цыдыпов  |b Ч. Ц.  |4 727 
712 0 2 |a Институт естественных наук Бурятского филиала Сибирского отделения АН СССР 
801 1 |a RU  |b 63413507  |c 20080324  |g PSBO 
942 |c BK